000 00617nam a22002417a 4500
001 22621
003 UA-OsUOA
005 20210916095708.0
007 ta
008 20031223b un ||||| |||| 00| 0 ukr d
040 _aUA-OsUOA
_brus
_cUA-OsUOA
_dUA-OsUOA
041 _arus
044 _aRU
080 _a161.1
090 _a161.1
_bК98
100 _aКэррол Л.
245 _aИстория с узелками
_cЛ. Кэррол ; пер. Ю. А. Данилова
260 _aМосква
_bМир
_c1985
300 _a408 с.
_bІлюстрації
650 7 _2UDC
942 _cBK
_2udc
955 _a0
999 _c308843
_d308843